000 00269nam a22001217a 4500
008 170512b xxu||||| |||| 00| 0 eng d
041 _aeng
080 _a94
100 _a94
101 _aSHJ
245 _aHISTORY ANG HUMAN NATURE
_cSOLOMON.R.C
942 _2udc
_cBK
999 _c13286
_d13286